| 000 | 00638nam a2200181 a 4500 | ||
|---|---|---|---|
| 001 | BRCA_2128 | ||
| 005 | 20190320203659.0 | ||
| 008 | 120808s1992----mx-#---###---#000-0#spa-# | ||
| 050 | 4 |
_aF1391.P8 _b.L43 73 _c1992 |
|
| 100 | 1 |
_aAlva, Luis Fernando _96430 |
|
| 245 | 1 | 0 |
_aLa sucesión presidencial de 1964 _cLuis Fernando Alva. |
| 260 |
_aPuebla, México _bGobierno del Estado de Puebla : Secretaría de Cultura : Comisión Puebla V Centenario _c1992 |
||
| 300 |
_a12 p. _c21 cm. |
||
| 440 | 0 |
_aLecturas Históricas de Puebla _n73 _96431 |
|
| 504 | _aBibliografía: p. 12 | ||
| 651 | 4 |
_aPuebla (México) _xHistoria _y1964 _96432 |
|
| 942 |
_2lcc _cB |
||
| 999 |
_c1885 _d1885 |
||